1067 1645 1995 1564 1134 1687 1602 1153 1650 1535 1175 1833 1798 1009 1753 1457 1457 1666 1191 1212 1749 1537 1303 1101 1996 1507 1726 1241 1515 1826 1225 1087 1385 1134 1985 1902 1244 1084 1130 1500 1823 1297 1346 1071 1789 1128 1180 1696 1970 1141 1175 1688 1482 1967 1959 1738 1473 1329 1573 1680 1298 1375 1024 1043 1900 1949 1227 1495 1408 1321 1929 1147 1092 1221 1877 1026 1711 1653 1472 1730 1880 1448 1314 1816 1405 1088 1195 1737 1712 1953 1860 1763 1381 1305 1111 1226 1713 1097 1617 BCNSPRNW ULIB Ver.6.0+V

เปลี่ยนเป็นภาษาไทย

Change to English
 แสดงรายละเอียดบรรณานุกรม
  กลับหน้าหลัก

Brief Record : Get Marc (ISO 2709) : E-mail record : QR code < ปิดหน้าต่าง
LEADER : 00000nam 2200000uu 4500
001    13399114186
003     ULIB
008    120228s2553||||th 000 0 tha d
020    ^a9789741113903
060 04 ^aWB141^bค695
245 00 ^aคู่มือแพทย์เวร /^cบรรณาธิการ, จารุพิมพ์ สูงสว่าง
250    ^aพิมพ์ครั้งที่ 1
260    ^aกรุงเทพฯ :^bโครงการตำรา-ศิริราช,^c2553
300    ^axxiv, 823 หน้า ;^c22 ซม.
440  0 ^aโครงการตำรา-ศิริราช
650  4 ^aแพทย์ฝึกหัดและแพทย์ประจำบ้าน^vคู่มือ
650  4 ^aอายุรศาสตร์^vคู่มือ
653    ^aผลงานอาจารย์คณะแพทยศาสตร์ศิริราชพยาบาล
700 0  ^aจารุพิมพ์ สูงสว่าง,^eบรรณาธิการ
710 2  ^aมหาวิทยาลัยมหิดล. ^bคณะแพทยศาสตร์ศิริราชพยาบาล.
945    ^p400^l0^i18793
945    ^p400^l0^i18794
995    ^aกัณชพร
999    ^aใช้งานได้ทุกระบบ
รายการนี้ยังไม่มีแท็ก
คุณยังไม่ได้ล็อกอิน คุณสามารถมีกิจกรรมร่วมกับเว็บไซต์ได้ แต่ต้องล็อกอินก่อน ::
  ล็อกอิน

รายการสื่อสารสนเทศ

ลำดับที่ ประเภท เลขเรียก/บาร์โค้ด สถานที่ สถานะ
1. วิทยาศาสตร์การแพทย์ และสุขภาพ
วิทยาศาสตร์การแพทย์ และสุขภาพ
สถานะ=หนังสือเก่า
WB141 ค695  
  Barcode: 18793
ห้องสมุดวิทยาเขตนครสวรรค์
►ส่วนจัดเก็บหนังสือเก่า นว.
บนชั้น
  ขอยืม
2. วิทยาศาสตร์การแพทย์ และสุขภาพ
วิทยาศาสตร์การแพทย์ และสุขภาพ
สถานะ=หนังสือเก่า
WB141 ค695 ฉ.2 
  Barcode: 18794
ห้องสมุดวิทยาเขตนครสวรรค์
►ส่วนจัดเก็บหนังสือเก่า นว.
บนชั้น
  ขอยืม

BibComment


ยังไม่เคยถูกคอมเมนท์

คอมเมนท์ทรัพยากรรายการนี้
  คอมเมนท์: คู่มือแพทย์เวร ..


 Copyright 2026. Bcnsprnw @Library